1119 1029 1461 1199 1775 1472 1971 1965 1008 1755 1034 1137 1780 1213 1374 1323 1136 1481 1207 1929 1581 1596 1940 1696 1820 1794 1147 1801 1690 1281 1833 1558 1958 1565 1720 1146 1895 1852 1302 1782 1999 1977 1507 1073 1790 1262 1960 1591 1859 1082 1650 1879 1971 1378 1277 1395 1736 1422 1148 1441 1850 1561 1523 1726 1307 1960 1036 1501 1568 1280 1039 1121 1047 1017 1038 1134 1161 1697 1846 1065 1230 1109 1864 1274 1488 1277 1231 1302 1942 1475 1779 1868 1303 1625 1987 1302 1716 1483 1020 BCNSPRNW ULIB Ver.6.0+V

เปลี่ยนเป็นภาษาไทย

Change to English
 แสดงรายละเอียดบรรณานุกรม
  กลับหน้าหลัก

Brief Record : Get Marc (ISO 2709) : E-mail record : QR code < ปิดหน้าต่าง
LEADER : 00000nam 2200000uu 4500
001    13399111854
003     ULIB
008    110627s2552||||th 000 0 tha d
020    9786165000055
090    นว.^bณ399ส 2552
100 0  ณารา
245 00 สายเลือดแดนตะวัน/^cณารา
250    พิมพ์ครั้งที่ 4
260    กรุงเทพฯ :^bพิมพ์คำ,^c2552
300    551 หน้า
945    ^p340^l0^i026733
995    ทศพร
999 ^a ใช้งานได้ทุกระบบ
รายการนี้ยังไม่มีแท็ก
คุณยังไม่ได้ล็อกอิน คุณสามารถมีกิจกรรมร่วมกับเว็บไซต์ได้ แต่ต้องล็อกอินก่อน ::
  ล็อกอิน

รายการสื่อสารสนเทศ

ลำดับที่ ประเภท เลขเรียก/บาร์โค้ด สถานที่ สถานะ
- ไม่พบข้อมูล -

รายการใกล้เคียง
    ผู้แต่ง [ณารา]

BibComment


ยังไม่เคยถูกคอมเมนท์

คอมเมนท์ทรัพยากรรายการนี้
  คอมเมนท์: สายเลือดแดนตะวัน ..


 Copyright 2026. Bcnsprnw @Library